Pi 150 ensimmäistä desimaalia - Statistics

Yleistilastot
  • Tätä visaa on pelattu 15 kertaa
  • Keskiarvotulos 4 / 15
Vastaustilastot
Hint Vastaus % Oikein
desimaalit 1-10 1415926535
86%
desimaalit 71-80 0628620899
36%
desimaalit 11-20 8979323846
36%
desimaalit 111-120 3282306647
29%
desimaalit 141-150 5359408128
29%
desimaalit 121-130 0938446095
21%
desimaalit 31-40 5028841971
21%
desimaalit 131-140 5058223172
21%
desimaalit 51-60 5820974944
21%
desimaalit 61-70 5923078164
21%
desimaalit 21-30 2643383279
14%
desimaalit 91-100 3421170679
14%
desimaalit 41-50 6939937510
14%
desimaalit 81-90 8628034825
14%
desimaalit 101-110 8214808651
7%
Ehtoja vastaavia visoja ei löytynyt
Tulosjakauma
Jokaisen tuloksen saaneiden osuus
Persentiili vastausten määrän mukaan
Tuloshistoriasi
Et ole pelannut tätä visaa